Statistics for Geography of Finland

Click here to take the quiz!

General Stats

  • This quiz has been taken 676 times
  • The average score is 13 of 20

Answer Stats

QuestionAnswer% Correct
What is the capital of Finland?Helsinki
99%
Part of what major sea are those two gulfs?{Baltic} Sea
90%
What language is official in Finland alongside Finnish?Swedish
89%
What is the Finnish name of "Finland"?Suomi
80%
What ethnic-based region does Finland share by Russia, Norway and Sweden?Lapland
77%
What world capital would you reach if you sail due south from the Finnish capital?Tallinn
76%
What is the nickname of Finland?Land of the
{Thousand} Lakes
72%
What gulfs does Finland border?Gulf of {Finland}
70%
What ethnic group mainly lives in that region?Sami
66%
What gulfs does Finland border?Gulf of {Bothnia}
64%
What type of climate does Finland mostly have - according to Köppen?Sub{arctic}
63%
What major peninsula is the northern Finland part of?{Scandinavian}
Peninsula
60%
What Finnish archipelago lies between Finland and Sweden?{Åland} Islands
56%
What southwestern city is the oldest one in Finland?Turku
54%
What ethnic-based region, starting with K, does Finland share with Russia?Karelia
53%
What is the most populous inland city of Finland?Tampere
53%
The town of Kemi is home to the biggest castle made of what?Ice
52%
What type of vast forest biome covers the whole mainland Finland?Taiga
47%
What major language family includes Finnish, Estonian and Hungarian?{Uralic} Languages
40%
What is the largest lake in Finland by surface area?Saimaa
31%

Score Distribution

Percentile by Number Answered

Percent of People with Each Score

Your Score History

You have not taken this quiz